[Event "GER CCM-E01-C email"]
[Site "GER email"]
[Date "2017.06.26"]
[Round "?"]
[White "Galvez Ponziano, Ricardo"]
[Black "Jansen, Uwe"]
[Result "1/2-1/2"]
[WhiteElo "2242"]
[BlackElo "2145"]
[PlyCount "53"]
[EventDate "2017.??.??"]
[EventType "tourn (corr)"]
[EventRounds "13"]
[EventCountry "GER"]
[SourceTitle "Corr 2017"]
[Source "ChessBase"]
[SourceDate "2017.09.19"]
[SourceVersion "1"]
[SourceVersionDate "2017.09.19"]
[SourceQuality "1"]

1. e4 c6 2. d4 d5 3. Nc3 dxe4 4. Nxe4 Bf5 5. Ng3 Bg6 6. h4 h6 7. Nf3 Nd7 8. h5 Bh7 9. Bd3 Bxd3 10. Qxd3 e6 11. Bf4 Qa5+ 12. Bd2 Qc7 13. 0-0-0 Ngf6 14. Ne4 0-0-0 15. g3 Nxe4 16. Qxe4 Nf6 17. Qe2 Bd6 18. c4 c5 19. Bc3 cxd4 20. Rxd4 Rhe8 21. Rdd1 Qc5 22. Ne5 Bxe5 23. Bxe5 Rxd1+ 24. Rxd1 Rd8 25. Rxd8+ Kxd8 26. b3 Ke8 27. Bxf6 1/2-1/2

[Event "GER CCM-E01-C email"]
[Site "GER email"]
[Date "2017.06.26"]
[Round "?"]
[White "Jansen, Uwe"]
[Black "Karpanov, Vyacheslav Konstant"]
[Result "1/2-1/2"]
[WhiteElo "2145"]
[BlackElo "2222"]
[PlyCount "119"]
[EventDate "2017.??.??"]
[EventType "tourn (corr)"]
[EventRounds "13"]
[EventCountry "GER"]
[SourceTitle "Corr 2020"]
[Source "ChessBase"]
[SourceDate "2019.09.30"]
[SourceVersion "1"]
[SourceVersionDate "2019.09.30"]
[SourceQuality "1"]

1. e4 c5 2. c3 e6 3. d4 d5 4. e5 Nc6 5. Nf3 Qb6 6. a3 Nh6 7. b4 cxd4 8. cxd4 Nf5 9. Bb2 Bd7 10. g4 Nfe7 11. Nc3 Na5 12. Nd2 Rc8 13. Rc1 Ng6 14. h4 Be7 15. h5 Nf4 16. Qf3 Bg5 17. Rc2 Nc6 18. Na4 Qd8 19. Nc5 0-0 20. Qb3 Rc7 21. Nf3 h6 22. Nxg5 Qxg5 23. Rg1 f5 24. exf6 Qxf6 25. Qe3 Qg5 26. Nd3 Rcc8 27. Nc5 e5 28. Nxd7 exd4 29. Bxd4 Rfe8 30. Ne5 Nxd4 31. Rxc8 Nc2+ 32. Rxc2 Rxe5 33. Rg3 Rxe3+ 34. Rxe3 Qxg4 35. Re7 Nxh5 36. Rcc7 Qd4 37. Be2 Qa1+ 38. Bd1 Kh7 39. Rxb7 Qc3+ 40. Kf1 Nf4 41. Rxg7+ Qxg7 42. Rxg7+ Kxg7 43. Ke1 Kf6 44. Kd2 d4 45. b5 Ke5 46. a4 Kd6 47. a5 Kc7 48. Be2 Nxe2 49. Kxe2 h5 50. f4 h4 51. f5 h3 52. f6 h2 53. f7 h1Q 54. f8Q Qe4+ 55. Kd1 Qd3+ 56. Ke1 Qxb5 57. Qf7+ Qd7 58. Qxd7+ Kxd7 59. Ke2 Kc6 60. Kd3 1/2-1/2

[Event "GER CCM-E01-C email"]
[Site "GER email"]
[Date "2017.06.26"]
[Round "?"]
[White "Jansen, Uwe"]
[Black "Kulakiewicz, Mariusz"]
[Result "0-1"]
[WhiteElo "2145"]
[BlackElo "2242"]
[PlyCount "56"]
[EventDate "2017.??.??"]
[EventType "tourn (corr)"]
[EventRounds "13"]
[EventCountry "GER"]
[SourceTitle "Corr 2017"]
[Source "ChessBase"]
[SourceDate "2017.09.19"]
[SourceVersion "1"]
[SourceVersionDate "2017.09.19"]
[SourceQuality "1"]

1. e4 e5 2. d4 exd4 3. Nf3 Bb4+ 4. c3 dxc3 5. Nxc3 Nf6 6. e5 Ne4 7. Qc2 d5 8. exd6 Nxc3 9. bxc3 Bxd6 10. Bg5 Qd7 11. Be3 0-0 12. Rd1 h6 13. Bd3 Nc6 14. 0-0 b6 15. Rfe1 Bb7 16. Bf5 Qd8 17. Bf4 Qf6 18. Bh7+ Kh8 19. Bxd6 cxd6 20. Be4 Rac8 21. Qb2 Rfe8 22. Qa3 Rxe4 23. Rxe4 Ne5 24. Nxe5 Bxe4 25. Qxd6 Kg8 26. Qxf6 gxf6 27. Ng4 Kg7 28. f3 Bf5 0-1

[Event "GER CCM-E01-C email"]
[Site "GER email"]
[Date "2017.06.26"]
[Round "?"]
[White "Jansen, Uwe"]
[Black "Simeonov, Lyuben"]
[Result "0-1"]
[WhiteElo "2145"]
[BlackElo "2223"]
[PlyCount "28"]
[EventDate "2017.??.??"]
[EventType "tourn (corr)"]
[EventRounds "13"]
[EventCountry "GER"]
[SourceTitle "Corr 2017"]
[Source "ChessBase"]
[SourceDate "2017.09.19"]
[SourceVersion "1"]
[SourceVersionDate "2017.09.19"]
[SourceQuality "1"]

1. e4 c5 2. c3 e6 3. Nf3 Nc6 4. d3 d5 5. Qe2 Nge7 6. g3 b6 7. Bg2 Ba6 8. e5 h6 9. h4 Nf5 10. g4 Nfe7 11. h5 Qc7 12. Bf4 f5 13. g5 g6 14. gxh6 Bxh6 0-1

[Event "GER MS-255 email"]
[Site "GER email"]
[Date "2017.01.23"]
[Round "?"]
[White "Jansen, Uwe"]
[Black "Schmidt, Detlef"]
[Result "1/2-1/2"]
[WhiteElo "1960"]
[BlackElo "2001"]
[PlyCount "76"]
[EventDate "2017.01.27"]
[EventType "tourn (corr)"]
[EventRounds "6"]
[EventCountry "GER"]
[SourceTitle "Corr 2020"]
[Source "ChessBase"]
[SourceDate "2019.09.30"]
[SourceVersion "1"]
[SourceVersionDate "2019.09.30"]
[SourceQuality "1"]

1. e4 e5 2. Nf3 Nc6 3. d4 exd4 4. Nxd4 Nf6 5. Nxc6 bxc6 6. e5 Qe7 7. Qe2 Nd5 8. c4 Nb6 9. Nc3 Ba6 10. b3 0-0-0 11. Bb2 Re8 12. f4 f6 13. 0-0-0 fxe5 14. Qxe5 Qxe5 15. fxe5 Rxe5 16. Kb1 Kb8 17. Nd5 Re8 18. Nxb6 axb6 19. g3 Bc8 20. Bh3 Re7 21. Bf5 d6 22. Bd3 h5 23. Rhf1 Bh3 24. Rf2 Kb7 25. Bg6 Rd7 26. Bd3 h4 27. gxh4 Be7 28. Rg1 Bxh4 29. Rf3 Be6 30. Bxg7 Rg8 31. Bd4 Rxg1+ 32. Bxg1 d5 33. cxd5 Bxd5 34. Rh3 Be7 35. Rh7 Bg8 36. Rg7 Rxd3 37. Kc2 Rd7 38. Rxg8 Bb4 1/2-1/2

[Event "GER MS-252 email"]
[Site "GER email"]
[Date "2016.12.16"]
[Round "?"]
[White "Jansen, Uwe"]
[Black "Rulfs, Ernst August"]
[Result "1/2-1/2"]
[WhiteElo "1960"]
[BlackElo "2076"]
[PlyCount "49"]
[EventDate "2016.12.21"]
[EventType "tourn (corr)"]
[EventRounds "6"]
[EventCountry "GER"]
[SourceTitle "Corr 2020"]
[Source "ChessBase"]
[SourceDate "2019.09.30"]
[SourceVersion "1"]
[SourceVersionDate "2019.09.30"]
[SourceQuality "1"]

1. d4 Nf6 2. c4 g6 3. Nc3 d5 4. cxd5 Nxd5 5. e4 Nxc3 6. bxc3 Bg7 7. Nf3 c5 8. Rb1 0-0 9. Be2 Nc6 10. d5 Ne5 11. Nxe5 Bxe5 12. Qd2 e6 13. f4 Bg7 14. c4 Re8 15. e5 f6 16. d6 fxe5 17. Bb2 exf4 18. Bxg7 Kxg7 19. 0-0 Rf8 20. Rxf4 Rxf4 21. Qxf4 Qf6 22. Qd2 b6 23. Bf3 Rb8 24. d7 Ba6 25. Rd1 1/2-1/2

[Event "GER MS-252 email"]
[Site "GER email"]
[Date "2016.12.16"]
[Round "?"]
[White "Naeter, Burkhard"]
[Black "Jansen, Uwe"]
[Result "1-0"]
[WhiteElo "2070"]
[BlackElo "1960"]
[PlyCount "87"]
[EventDate "2016.12.21"]
[EventType "tourn (corr)"]
[EventRounds "6"]
[EventCountry "GER"]
[SourceTitle "Corr 2020"]
[Source "ChessBase"]
[SourceDate "2019.09.30"]
[SourceVersion "1"]
[SourceVersionDate "2019.09.30"]
[SourceQuality "1"]

1. e4 c6 2. Nc3 d5 3. Qf3 dxe4 4. Nxe4 Nf6 5. Nxf6+ exf6 6. Bc4 Nd7 7. Ne2 Nb6 8. Bb3 Bd6 9. d4 a5 10. a4 0-0 11. 0-0 Re8 12. Re1 Be6 13. Bxe6 Rxe6 14. b3 Nd5 15. Bd2 g6 16. Ng3 Rxe1+ 17. Rxe1 Rc8 18. h4 f5 19. Nxf5 gxf5 20. Qxf5 Ra8 21. c4 Bb4 22. Bxb4 Nxb4 23. Re4 Kh8 24. Qxf7 Qf8 25. Qc7 Qb8 26. Qe7 Qf8 27. Qg5 Qg7 28. Qe3 Rg8 29. g3 Qg6 30. Qe2 Rf8 31. Kg2 b6 32. h5 Qg5 33. Re3 Qf5 34. Rf3 Qxf3+ 35. Qxf3 Rxf3 36. Kxf3 Kg7 37. Ke4 Kf6 38. g4 h6 39. f4 Na6 40. d5 Nc5+ 41. Kd4 cxd5 42. cxd5 Nb7 43. Kc3 Nd6 44. b4 1-0

[Event "GER MS-242 email"]
[Site "GER email"]
[Date "2016.06.27"]
[Round "?"]
[White "Jansen, Uwe"]
[Black "Reichelt, Holger"]
[Result "0-1"]
[WhiteElo "1960"]
[BlackElo "2031"]
[PlyCount "72"]
[EventDate "2016.07.04"]
[EventType "tourn (corr)"]
[EventRounds "6"]
[EventCountry "GER"]
[SourceTitle "Corr 2020"]
[Source "ChessBase"]
[SourceDate "2019.09.30"]
[SourceVersion "1"]
[SourceVersionDate "2019.09.30"]
[SourceQuality "1"]

1. d4 Nf6 2. c4 g6 3. Nc3 d5 4. cxd5 Nxd5 5. e4 Nxc3 6. bxc3 Bg7 7. Bc4 c5 8. Ne2 Nc6 9. Be3 0-0 10. 0-0 Qc7 11. Rc1 e6 12. Qd2 b6 13. Rfd1 Bb7 14. f3 Rad8 15. Qe1 Qe7 16. e5 Na5 17. Bd3 Rc8 18. Ng3 cxd4 19. cxd4 Rfd8 20. Bb5 Rxc1 21. Rxc1 f6 22. f4 f5 23. Qd2 Bf8 24. Qd3 Rc8 25. Rxc8 Bxc8 26. Bd2 Bb7 27. Nf1 Qd8 28. Bxa5 bxa5 29. Bc4 Kg7 30. Ne3 Qb6 31. Bb3 a4 32. Bxa4 Qb2 33. Qb3 Qc1+ 34. Nd1 Bd5 35. Qe3 Qb1 36. Qc3 Qe4 0-1